00257nam a22000857a 4500082001500000100002600015245006500041260004400106300002100150 a340.59 QUR aQureshi, Khurram Amir aAssignments on Islamic Jurisprudence /cKhurram Amir Qureshi aLahore :bUniversity Book Corner,cN.D. a212 p. ;c23 cm.